000 01985cam a2200565 a 4500
001 21520
003 VRT
005 20260303145715.0
008 160610s2014 xr a c 000 f slo
015 _aSNBZSA2015
020 _a9788025232385 (viaz.)
035 _a3986924B-DC75-413A-8E79-909E340A7D19
035 _aurn:nbn:sk:snk-aml5zk
035 _aurn:nbn:sk:snk-am008v43
039 9 _a201606101711
_bVLOAD
_c201604291526
_dVLOAD
_c201604271836
_dVLOAD
_c201511040933
_dcsnk08
040 _aPOKPOH
_bslo
_cPOKPOH
_dSNK
_eAACR2
041 1 _aslo
_heng
044 _axr
_cCZ
072 7 _a821.111-3
_xAnglická próza, anglicky písaná
_2konspekt
072 7 _a821-93
_xLiteratúra pre deti a mládež (beletria)
_2konspekt
080 _a821.111-32
_22001
080 _a821-93
_22001
080 _a(0:82-94)
_22001
130 0 _aVioletta. The Secret Diary.
_lSlovensky
245 1 0 _aVilolettin [i.e. Violettin] tajný denník
_c[preklad: Eva Krupová]
246 3 _aViolettin tajný denník
250 _a1. vyd.
260 _aPraha
_bEgmont ČR
_c2014
300 _a186 s.
_bilustr.
_c23 cm
490 1 _aDisney. Violetta
500 _aPravdepodobne preložené z angličtiny
500 _aPodľa úspešného seriálu z produkcie Disney Channel
500 _aCopyright Disney Enterprises
500 _aChybný názov na obale a na tit. s.: Vilolettin tajný denník
655 7 _aanglicky písané príbehy
_2SNK
655 7 _apublikácie pre mládež
_2SNK
655 7 _afiktívne denníky
_2SNKPH
655 7 _aStories in English
_2SNKPHeng
655 7 _aJuvenile literature
_2SNKPHeng
655 7 _aImaginary diaries
_2SNKPHeng
700 1 _aKrupová, Eva,
_d1941-
_4trl
710 2 _aDisney Enterprises
_4pbl
830 0 _aDisney. Violetta
910 _apokpoh
910 _atotk
910 _askpk
910 _asnk
942 _2ddc
_cKLDE
_n0
949 _617A1139594
_asnkSC 163468
_bsnk2015/7524
_oPemic10-ah/18Int. č. fa – 10/2015
_s6100:20151105
999 _c21520
_d21520